000 00525nam a2200193 a 4500
001 1771666395145
003 YourLibrary
005 20260221150457.0
008 260221s1999##################000#0#eng##
020 _a9780415193511
082 0 4 _a338.642
_bLIE
100 1 _aLiedholm, Carl,
_eauthor.
245 1 0 _aSmall Enterprises and Economic Development :
260 _bPsychology Press,
_c1999.
300 _a146 pages
650 0 _aBusiness & Economics.
942 _cENGLISH
040 _aYourLibrary
_beng
_cYourLibrary
999 _c615381
_d615381